| 000 | 01280cam a2200277 4500 | ||
|---|---|---|---|
| 001 | ABS65053 | ||
| 008 | 020207n2002 000 0 eng u | ||
| 035 | _a(Sirsi) u116639 | ||
| 100 | _aGill, S | ||
| 245 | _aHow to get blood from a stone | ||
| 260 | _c2002 | ||
| 490 |
_aEstates Gazette _v(0202) 12 January 2002, 89(1) |
||
| 520 | _aBriefly examines the options available to landlords to recoup their losses when their commercial tenants fail to pay rent. Depending on the reasons for non-payment, the landlord may not be able to recover the rent until other creditors such as the Inland Revenue, Customs & Excise, the employees and the insolvency practioners have been paid their due. Lists the various ways that landlords can claim their money and suggests using a combination of these for best effect though advice should be sought in difficult cases. | ||
| 590 | _aABS | ||
| 650 | _aRENT ARREARS | ||
| 650 | _aDEBT RECOVERY | ||
| 650 | _aRENT DEPOSIT DEED | ||
| 650 |
_aInsolvency _96247 |
||
| 650 | _aLANDLORD AND TENANT (COVENANTS) ACT 1995 | ||
| 650 | _aLAW OF DISTRESS (AMENDMENT) ACT 1908 | ||
| 650 | _aSUBTENANTS | ||
| 650 | _aDISTRAINT OF GOODS | ||
| 650 | _aFORFEITURE OF LEASE | ||
| 690 | _aLANDLORD AND TENANT-BUSINESS TENANCIES | ||
| 942 | _n0 | ||
| 999 |
_c69458 _d69458 |
||